000 00773nam a2200217 i 4500
001 69899
003 ES-MaACL
005 20251009172727.0
007 t|
008 040713s1968 sp f |||| | spa d
080 _a821.134.2"19"
100 1 _aGarcía Lorca, Federico,
_d1898-1936
_954853
245 1 0 _aCartas, postales, poemas y dibujos /
_cGarcía Lorca ; introducción y notas por Antonio Gallego Morell.
260 _a[Madrid :
_bMoneda y Crédito,
_c1968]
300 _a175 p., 14 lám. ;
_c22 cm.
600 1 4 _aGarcía Lorca, Federico,
_d1898-1936-
_vCorrespondencia
_954856
600 1 7 _aGarcía Lorca, Federico,
_d1898-1936-
_xDibujo
_2
_9170064
700 0 _aGallego Morell, Antonio,
_d1923-2009
_953576
852 _aES-MaACL
_jC-35583
999 _c69899
_d69899